Aerodynamics of supersonic flight ; an introduction.

Bibliographic Details
Main Author: Pope, Alan, 1913-
Format: Book
Language:English
Published: New York : Pitman, [1958]
Edition:2d ed.
Series:Pitman aeronautical publications. Aeronautical engineering series
Subjects:

MARC

Tag First Indicator Second Indicator Subfields
LEADER 00000cam a2200000 4500
001 in00000096352
005 20150925090129.0
008 750822s1958 00000 eng
010 |a a 59001613  
035 |a (OCoLC)01562258 
035 |9 AAL2320AM 
040 |a DLC  |c FBA  |d TXA  |d UtOrBLW 
049 |a TXAM  |c [428094] 
050 0 0 |a [TL573.P ] 
090 |a TL573  |b .P6 1958 
100 1 |a Pope, Alan,  |d 1913- 
245 1 0 |a Aerodynamics of supersonic flight ;  |b an introduction. 
250 |a 2d ed. 
264 1 |a New York :  |b Pitman,  |c [1958] 
300 |a 243 pages :  |b illustrations ;  |c 23 cm. 
336 |a text  |b txt  |2 rdacontent 
337 |a unmediated  |b n  |2 rdamedia 
338 |a volume  |b nc  |2 rdacarrier 
490 0 |a Pitman aeronautical publications. Aeronautical engineering series 
504 |a Includes bibliographies. 
650 0 |a Aerodynamics, Supersonic. 
999 |a MARS 
999 f f |s 749f1a67-9006-3615-bff6-2491bd5ed5b5  |i 14c64fe1-cd9c-3c86-a1ec-ed8ae53bb2f1  |t 0 
952 f f |p ric  |a Texas A&M University  |b Rellis Campus  |c Joint Library Facility  |d Remote Storage  |t 0  |e TL573 .P6 1958  |h Library of Congress classification  |i unmediated -- volume  |m A14805543652 
998 f f |a TL573 .P6 1958  |t 0  |l Remote Storage